<?xml version="1.0" encoding="UTF-8"?>
<collection xmlns="http://www.loc.gov/MARC21/slim">
 <record>
  <leader>00975nam a2200169 a 4500</leader>
  <controlfield tag="001">1/25715</controlfield>
  <controlfield tag="008">050413s2001    gr            00010 gre d</controlfield>
  <datafield tag="020" ind1=" " ind2=" ">
   <subfield code="a">9600214948</subfield>
  </datafield>
  <datafield tag="035" ind1=" " ind2=" ">
   <subfield code="l">27531</subfield>
  </datafield>
  <datafield tag="082" ind1="0" ind2="0">
   <subfield code="a">337.4 ΣΚΛ</subfield>
  </datafield>
  <datafield tag="100" ind1="1" ind2=" ">
   <subfield code="a">Σκλιάς, Παντελής Γ.</subfield>
  </datafield>
  <datafield tag="245" ind1="1" ind2="0">
   <subfield code="a">Διεθνής πολιτική οικονομία :</subfield>
   <subfield code="b">τα Βαλκάνια, η κεντρική και η ανατολική Ευρώπη (ΚΑΕ), οι χώρες της πρώην ΕΣΣΔ και οι σχέσεις τους με την Ευρωπαική Ένωση /</subfield>
   <subfield code="c">Παντελής Σκλιάς</subfield>
  </datafield>
  <datafield tag="260" ind1="0" ind2=" ">
   <subfield code="a">Αθήνα :</subfield>
   <subfield code="b">Παπαζήσης,</subfield>
   <subfield code="c">2001</subfield>
  </datafield>
  <datafield tag="300" ind1=" " ind2=" ">
   <subfield code="a">414 σ. :</subfield>
   <subfield code="b">πίν. ;</subfield>
   <subfield code="c">24 εκ.</subfield>
  </datafield>
  <datafield tag="650" ind1=" " ind2="4">
   <subfield code="a">Διεθνείς οικονομικές σχέσεις.</subfield>
  </datafield>
  <datafield tag="650" ind1=" " ind2="4">
   <subfield code="a">Ευρωπαϊκή Ένωση, Χώρες της</subfield>
   <subfield code="x">Οικονομικές σχέσεις.</subfield>
  </datafield>
  <datafield tag="852" ind1=" " ind2=" ">
   <subfield code="a">INST</subfield>
   <subfield code="b">UNIPILB</subfield>
   <subfield code="c">MAIN</subfield>
   <subfield code="e">20050413</subfield>
   <subfield code="h">337.4 ΣΚΛ</subfield>
   <subfield code="p">00147865</subfield>
   <subfield code="q">00147865</subfield>
   <subfield code="t">LOAN</subfield>
   <subfield code="y">0</subfield>
   <subfield code="4">1</subfield>
  </datafield>
 </record>
</collection>
